| 000 | 00461nam a22001577a 4500 | ||
|---|---|---|---|
| 005 | 20231123115418.0 | ||
| 008 | 231123b |||||||| |||| 00| 0 eng d | ||
| 041 | _aEnglish | ||
| 082 | _a341.48 BRI | ||
| 100 | _lEnglish | ||
| 245 |
_aBridges Accross Borders Network Meeting on Services : _bProfiles of Associations |
||
| 260 | _c2005 | ||
| 300 |
_b70 pages ; _c30,3 cm. |
||
| 650 |
_aLegal practice _bLaw |
||
| 942 |
_cBK _6ALISON_BN_VRIES |
||
| 999 |
_c893 _d893 |
||